000 00445nam a2200157 i 4500
001 97764
003 ES-MaACL
005 20230906182146.0
007 t|
008 050718s1969 sp ||||1| spa d
100 1 _aMarín, Rosa.
_976758
245 1 0 _aPrácticas de enseñanza
_b: primer curso /
_cRosa Marín.
260 _aMadrid :
_bAlcalá,
_c1969.
300 _a360 p. con 7 lám. :
_bil. ;
_c22 cm.
852 _aES-MaACL
_jC-46803
_bR.71799
999 _c97764
_d97764